
Library Catalogue

| 000 -LEADER | |
|---|---|
| fixed length control field | 01340nam a22002297a 4500 |
| 005 - DATE AND TIME OF LATEST TRANSACTION | |
| control field | 20260121103018.0 |
| 008 - FIXED-LENGTH DATA ELEMENTS--GENERAL INFORMATION | |
| fixed length control field | 260121b |||||||| |||| 00| 0 eng d |
| 020 ## - INTERNATIONAL STANDARD BOOK NUMBER | |
| International Standard Book Number | 9780253206329 (paperback) |
| 082 ## - DEWEY DECIMAL CLASSIFICATION NUMBER | |
| Classification number | 305.42091724 MOH |
| 245 ## - TITLE STATEMENT | |
| Title | Third world women and the politics of feminism / |
| Statement of responsibility, etc. | Edited by Chandra Talpade Mohanty, Ann Russo and Lourdes Torres |
| 260 ## - PUBLICATION, DISTRIBUTION, ETC. | |
| Place of publication, distribution, etc. | Bloomington : |
| Name of publisher, distributor, etc. | Indiana University Press, |
| Date of publication, distribution, etc. | 1991. |
| 300 ## - PHYSICAL DESCRIPTION | |
| Extent | xi, 338 pages, |
| Dimensions | 23 cm. |
| 365 ## - TRADE PRICE | |
| Price amount | Rs. 2089.00 |
| 520 ## - SUMMARY, ETC. | |
| Summary, etc. | These essays document the debates, conflicts, and contradictions among those engaged in developing third world feminist theory and politics. Contributors: Evelyne Accad, M. Jacqui Alexander, Carmen Barroso, Cristina Bruschini, Rey Chow, Juanita Diaz-Cotto, Angela Gilliam, Faye V. Harrison, Cheryl Johnson-Odim, Chandra Talpade Mohanty, Ann Russo, Barbara Smith, Nayereh Tohidi, Lourdes Torres, Cheryl L. West, & Nellie Wong. |
| 650 ## - SUBJECT ADDED ENTRY--TOPICAL TERM | |
| Topical term or geographic name entry element | Feminism--Developing countries |
| 650 ## - SUBJECT ADDED ENTRY--TOPICAL TERM | |
| Topical term or geographic name entry element | Women--Developing countries--Social conditions |
| 700 ## - ADDED ENTRY--PERSONAL NAME | |
| Personal name | Chandra Talpade Mohanty [Editor] |
| 700 ## - ADDED ENTRY--PERSONAL NAME | |
| Personal name | Ann Russo [Editor] |
| 700 ## - ADDED ENTRY--PERSONAL NAME | |
| Personal name | Lourdes Torres [Editor] |
| 856 ## - ELECTRONIC LOCATION AND ACCESS | |
| Uniform Resource Identifier | <a href="https://alejandroquinteros.wordpress.com/wp-content/uploads/2021/10/third-world-women-and-the-politics-of-feminism.-chandra-talpade-mohandy.pdf">https://alejandroquinteros.wordpress.com/wp-content/uploads/2021/10/third-world-women-and-the-politics-of-feminism.-chandra-talpade-mohandy.pdf</a> |
| 942 ## - ADDED ENTRY ELEMENTS (KOHA) | |
| Source of classification or shelving scheme | Dewey Decimal Classification |
| Koha item type | BOOKs |
| Withdrawn status | Lost status | Source of classification or shelving scheme | Materials specified (bound volume or other part) | Damaged status | Not for loan | Home library | Current library | Shelving location | Date acquired | Source of acquisition | Cost, normal purchase price | Total Checkouts | Full call number | Barcode | Date last seen | Price effective from | Koha item type | Public note |
|---|---|---|---|---|---|---|---|---|---|---|---|---|---|---|---|---|---|---|
| Dewey Decimal Classification | PB | . | . | General Stacks | 21.01.2026 | Purchased - Feel Books | 2089.00 | 305.42091724 MOH | 40681 | 23.01.2026 | 21.01.2026 | BOOKs | Recommended by Ms. Arati Ranade |